00528nam a2200145Ia 4500082002500000100001700025245007200042260004100114300001300155504001900168650004500187650004500232650004900277650005600326 a379.1180954783 MAT-; aMathew, E.T. 0aUniversity finances in India: a case study of the Kerala university aNew DelhibSterling Publishersc1980 av, 120p. aIncludes index aFederal aid to higher education - Kerala aEducation - Aims and objectives - Kerala aUniversities and colleges - Finance - Kerala aUniversities and colleges - Administration - Kerala